00221nam a2200097Ia 4500008004100000041000800041082001200049100001000061245002700071260002500098231212s1976 xx 000 0 und d aeng a621.381 aGupta aElectrical Engineering aDehlibNew Heic1976